| 000 | 00823cam a22002891 4500 | ||
|---|---|---|---|
| 001 | 15792 | ||
| 003 | BD-RjUL | ||
| 005 | 20211208235904.0 | ||
| 008 | 140210s1932 ii 000 0 eng d | ||
| 035 | _a(BD-RjUL)15847 | ||
| 035 | _a(OCoLC)4921066 | ||
| 040 |
_aDLC _cOCl _dBD-RjUL _beng |
||
| 041 | _aeng | ||
| 082 |
_a297 _bGEM 1932 |
||
| 100 | 1 |
_aGermanus, Julius _948982 |
|
| 245 | 1 | 0 |
_aModern movements in Islam / _cby Julius Germanus. |
| 260 |
_aCalcutta : _bVisva-bharati book-shop [Pub. by K. Santra, _c1932 |
||
| 300 |
_a 78 p. : _c25 cm. |
||
| 505 | 0 | _aArabia.--Turkey.--Persia. | |
| 650 | 0 |
_aIslam _xHistory. _95258 |
|
| 650 | 0 |
_aWahhābīyah. _948984 |
|
| 650 | 0 |
_aBahais. _95418 |
|
| 942 |
_2ddc _cBK |
||
| 999 |
_c15792 _d15792 |
||